[Event "Bielefeld Gr8"]
[Site "Bielefeld"]
[Date "2006.06.05"]
[Round "7"]
[White "Schiermeier, Alexander"]
[Black "Klatt, Dieter"]
[Result "0-1"]
[WhiteElo "1066"]
[BlackElo "1295"]
[PlyCount "114"]
[EventDate "2006.06.02"]
[EventType "swiss"]
[EventRounds "7"]
[EventCountry "GER"]
[SourceTitle "EXT 2007"]
[Source "ChessBase"]
[SourceDate "2006.11.23"]
[SourceVersion "1"]
[SourceVersionDate "2006.11.23"]
[SourceQuality "1"]

1. e4 e6 2. Nc3 b6 3. Nf3 Ba6 4. d3 c6 5. Ne5 d6 6. Ng4 Be7 7. e5 d5 8. Ne2 Bg5 9. Ng3 Bxc1 10. Qxc1 h5 11. Ne3 Nd7 12. Ngf5 exf5 13. Nxf5 Kf8 14. Qf4 g5 15. Qb4+ c5 16. Qa3 Bc8 17. d4 Ne7 18. Nd6 cxd4 19. 0-0-0 Nxe5 20. Bb5 a6 21. Ba4 Nc4 22. Nxc4 dxc4 23. c3 d3 24. Qb4 b5 25. Bc2 Kg7 26. Qc5 Ng6 27. Bb1 Be6 28. Rhf1 Qd5 29. Qc7 Rac8 30. Qg3 Qe5 31. Qxe5+ Nxe5 32. g3 Rhd8 33. f4 d2+ 34. Rxd2 Rxd2 35. Kxd2 Rd8+ 36. Ke3 Ng4+ 37. Ke2 Nxh2 38. Rd1 Bg4+ 39. Ke3 Rxd1 40. Bc2 gxf4+ 41. gxf4 Nf1+ 42. Ke4 f5+ 43. Ke5 Rd2 44. Bxf5 Bxf5 45. Kxf5 Rxb2 46. Ke4 Kf6 47. Kf3 Nd2+ 48. Ke2 Kf5 49. Ke3 Rxa2 50. Kd4 Kxf4 51. Kc5 Ke5 52. Kb6 Kd5 53. Ka7 Kc6 54. Ka8 Nb3 55. Kb8 Rd2 56. Ka7 Nc5 57. Ka8 Kb6 0-1